000 00340nam a2200145Ia 4500
100 _aHeumann/Ing.K
650 _aElectrical Engineering
942 _cBK
654 _aFundamentals
245 _aFundamentals Of Power Electronics
260 _bAeg-Telefunken
_aBerlin
_c1979
082 _a621.3
_bHeu
300 _a242
546 _aENGLISH
999 _c31922
_d31922